All First Level Subdivision Capitals of South America - Statistics

General Stats
  • This quiz has been taken 8 times
  • The average score is 44 of 240
Answers on the Map
Answers color-coded by a green-red scale on the quiz's map according to % correct below.
 
Answer Stats
Country Subdivision City % Correct
Argentina _______ Buenos Aires
67%
Brazil Rio Grande do Norte Natal
67%
Ecuador Pichincha Quito
67%
Brazil Pernambuco Recife
67%
Brazil _______ Rio de Janeiro
67%
Brazil Bahia Salvador
67%
Chile Santiago Metropolitan Santiago
67%
Brazil Pará Belém
50%
Brazil Minas Gerais Belo Horizonte
50%
Colombia _______ Bogotá
50%
Colombia Cundinamarca Bogotá
50%
Brazil Distrito Federal Brasília
50%
Colombia Valle del Cauca Cali
50%
France French Guiana Cayenne
50%
Argentina _______ Córdoba
50%
Brazil Paraná Curitiba
50%
Peru _______ Cusco
50%
Argentina _______ Formosa
50%
Brazil Ceará Fortaleza
50%
Brazil Paraíba João Pessoa
50%
Bolivia _______ La Paz
50%
Argentina Buenos Aires La Plata
50%
Peru _______ Lima
50%
Brazil Amazonas Manaus
50%
Colombia Antioquia Medellín
50%
Brazil Rio Grande do Sul Porto Alegre
50%
Brazil _______ São Paulo
50%
UK Falkland Islands Stanley
50%
Bolivia Chuquisaca Sucre
50%
Brazil Espírito Santo Vitória
50%
Chile _______ Antofagasta
33%
Brazil Sergipe Aracaju
33%
Peru _______ Arequipa
33%
Paraguay Distrito Capital Asunción
33%
Colombia Atlántico Barranquilla
33%
Suriname _______ Brokopondo
33%
Peru _______ Callao
33%
Colombia Bolívar Cartagena
33%
Bolivia _______ Cochabamba
33%
Brazil Santa Catarina Florianópolis
33%
Brazil Goiás Goiânia
33%
Ecuador Guayas Guayaquil
33%
Peru _______ Ica
33%
Peru Loreto Iquitos
33%
Argentina _______ La Rioja
33%
Brazil Alagoas Maceió
33%
Argentina _______ Mendoza
33%
Uruguay _______ Montevideo
33%
Bolivia _______ Oruro
33%
Suriname _______ Paramaribo
33%
Uruguay _______ Paysandú
33%
Peru _______ Piura
33%
Brazil Rondônia Porto Velho
33%
Bolivia _______ Potosí
33%
Peru _______ Puno
33%
Uruguay _______ Rivera
33%
Argentina _______ Salta
33%
Uruguay _______ Salto
33%
Colombia San Andres, Providencia and Santa Catalina San Andrés
33%
Argentina _______ San Juan
33%
Argentina _______ San Luis
33%
Argentina _______ Santa Fe
33%
Ecuador Santo Domingo de los Tsáchilas Santo Domingo
33%
Peru _______ Tacna
33%
Bolivia _______ Tarija
33%
Brazil Piauí Teresina
33%
Venezuela Carabobo Valencia
33%
Chile _______ Valparaíso
33%
Ecuador Tungurahua Ambato
17%
Guyana Pomeroon-Supenaam Anna Regina
17%
Chile Arica y Parinacota Arica
17%
Uruguay _______ Artigas
17%
Peru _______ Ayacucho
17%
Venezuela Anzoátegui Barcelona
17%
Venezuela Lara Barquisimeto
17%
Guyana Cuyuni-Mazaruni Bartica
17%
Brazil Roraima Boa Vista
17%
Colombia Santander Bucaramanga
17%
Peru _______ Cajamarca
17%
Brazil Mato Grosso do Sul Campo Grande
17%
Uruguay _______ Canelones
17%
Peru Lambayeque Chiclayo
17%
Venezuela Bolívar Ciudad Bolívar
17%
Paraguay Alto Paraná Ciudad del Este
17%
Uruguay Colonia Colonia del Sacramento
17%
Chile Biobío Concepción
17%
Paraguay _______ Concepción
17%
Chile Atacama Copiapó
17%
Argentina _______ Corrientes
17%
Chile Aysén del General Carlos Ibáñez del Campo Coyhaique
17%
Colombia Norte de Santander Cúcuta
17%
Ecuador Azuay Cuenca
17%
Brazil Mato Grosso Cuiabá
17%
Uruguay _______ Durazno
17%
Ecuador _______ Esmeraldas
17%
Uruguay _______ Florida
17%
Peru _______ Huancavelica
17%
Peru Junín Huancayo
17%
Peru _______ Huánuco
17%
Colombia Tolima Ibagué
17%
Chile Tarapacá Iquique
17%
Chile Coquimbo La Serena
17%
Suriname Wanica Lelydorp
17%
Guyana Upper Demerara-Berbice Linden
17%
Ecuador _______ Loja
17%
Brazil Amapá Macapá
17%
Uruguay _______ Maldonado
17%
Venezuela Zulia Maracaibo
17%
Venezuela Aragua Maracay
17%
Venezuela Monagas Maturín
17%
Uruguay Cerro Largo Melo
17%
Venezuela _______ Mérida
17%
Colombia Córdoba Montería
17%
Peru _______ Moquegua
17%
Colombia Huila Neiva
17%
Argentina _______ Neuquén
17%
Guyana East Berbice-Corentyne New Amsterdam
17%
Suriname Nickerie Nieuw Nickerie
17%
Brazil Tocantins Palmas
17%
Colombia Nariño Pasto
17%
Colombia Cauca Popayán
17%
Ecuador Manabí Portoviejo
17%
Argentina Misiones Posadas
17%
Peru Ucayali Pucallpa
17%
Venezuela Amazonas Puerto Ayacucho
17%
Peru Madre de Dios Puerto Maldonado
17%
Chile Los Lagos Puerto Montt
17%
Chile Magallanes and Chilean Antarctica Punta Arenas
17%
Chile Libertador General Bernardo O'Higgins Rancagua
17%
Argentina Chaco Resistencia
17%
Brazil Acre Rio Branco
17%
Argentina Santa Cruz Río Gallegos
17%
Uruguay _______ Rocha
17%
Venezuela Táchira San Cristóbal
17%
Argentina Tucumán San Miguel de Tucumán
17%
Paraguay _______ San Pedro
17%
Argentina Jujuy San Salvador de Jujuy
17%
Bolivia Santa Cruz Santa Cruz de la Sierra
17%
Colombia Magdalena Santa Marta
17%
Argentina La Pampa Santa Rosa
17%
Argentina _______ Santiago del Estero
17%
Brazil Maranhão São Luís
17%
Uruguay _______ Tacuarembó
17%
Chile Maule Talca
17%
Chile Araucanía Temuco
17%
Suriname Coronie Totness
17%
Uruguay _______ Treinta y Tres
17%
Bolivia Beni Trinidad
17%
Uruguay Flores Trinidad
17%
Peru La Libertad Trujillo
17%
Venezuela _______ Trujillo
17%
Peru _______ Tumbes
17%
Argentina Tierra del Fuego Ushuaia
17%
Chile Los Ríos Valdivia
17%
Colombia Cesar Valledupar
17%
Colombia Meta Villavicencio
17%
Peru Apurímac Abancay
0%
Suriname Marowijne Albina
0%
Colombia _______ Arauca
0%
Paraguay Central Areguá
0%
Colombia Quindío Armenia
0%
Ecuador Cañar Azogues
0%
Ecuador Los Ríos Babahoyo
0%
Venezuela _______ Barinas
0%
Paraguay Cordillera Caacupé
0%
Paraguay Caazapá Caazapá
0%
Peru Pasco Cerro de Pasco
0%
Peru Amazonas Chachapoyas
0%
Chile Ñuble Chillán
0%
Bolivia Pando Cobija
0%
Venezuela Falcón Coro
0%
Paraguay Caaguazú Coronel Oviedo
0%
Venezuela Sucre Cumaná
0%
Paraguay Itapúa Encarnación
0%
Paraguay Boquerón Filadelfia
0%
Colombia Caquetá Florencia
0%
Guyana Mahaica-Berbice Fort Wellington
0%
Uruguay Río Negro Fray Bentos
0%
Paraguay Alto Paraguay Fuerte Olimpo
0%
Suriname Saramacca Groningen
0%
Venezuela Portuguesa Guanare
0%
Ecuador Bolívar Guaranda
0%
Peru Lima Huacho
0%
Peru Ancash Huaraz
0%
Ecuador Imbabura Ibarra
0%
Colombia Guainía Inírida
0%
Venezuela Nueva Esparta La Asunción
0%
Venezuela La Guaira La Guaira
0%
Ecuador Cotopaxi Latacunga
0%
Guyana Upper Takutu-Upper Essequibo Lethem
0%
Colombia Amazonas Leticia
0%
Venezuela Miranda Los Teques
0%
Guyana Barima-Waini Mabaruma
0%
Ecuador Morona Santiago Macas
0%
Ecuador El Oro Machala
0%
Guyana Potaro-Siparuni Mahdia
0%
Colombia Caldas Manizales
0%
Uruguay Soriano Mercedes
0%
Uruguay Lavalleja Minas
0%
Colombia Vaupés Mitú
0%
Colombia Putumayo Mocoa
0%
Peru San Martín Moyobamba
0%
Suriname Commewijne Nieuw-Amsterdam
0%
Ecuador Sucumbíos Nueva Loja
0%
Suriname Para Onverwacht
0%
Paraguay _______ Paraguarí
0%
Argentina Entre Ríos Paraná
0%
Paraguay Amambay Pedro Juan Caballero
0%
Colombia Risaralda Pereira
0%
Paraguay Ñeembucú Pilar
0%
Ecuador Galápagos Puerto Baquerizo Moreno
0%
Colombia Vichada Puerto Carreño
0%
Ecuador Orellana Puerto Francisco de Orellana
0%
Ecuador Pastaza Puyo
0%
Colombia Chocó Quibdó
0%
Argentina Chubut Rawson
0%
Ecuador Chimborazo Riobamba
0%
Colombia La Guajira Riohacha
0%
Paraguay Canindeyú Salto del Guairá
0%
Venezuela Cojedes San Carlos
0%
Venezuela Yaracuy San Felipe
0%
Venezuela Apure San Fernando de Apure
0%
Argentina Catamarca San Fernando del Valle de Catamarca
0%
Colombia Guaviare San José del Guaviare
0%
Uruguay San José San José de Mayo
0%
Paraguay Misiones San Juan Bautista
0%
Venezuela Guárico San Juan de los Morros
0%
Ecuador _______ Santa Elena
0%
Colombia Sucre Sincelejo
0%
Ecuador Napo Tena
0%
Guyana Demerara-Mahaica Triumph
0%
Venezuela Delta Amacuro Tucupita
0%
Ecuador Carchi Tulcán
0%
Colombia Boyacá Tunja
0%
Argentina Río Negro Viedma
0%
Paraguay Presidente Hayes Villa Hayes
0%
Paraguay _______ Villarrica
0%
Guyana Essequibo Islands-West Demerara Vreed en Hoop
0%
Colombia Casanare Yopal
0%
Ecuador Zamora Chinchipe Zamora
0%
No matching quizzes found
Score Distribution
Percent of People with Each Score
Percentile by Number Answered
Your Score History
You have not taken this quiz